Principles of services marketing / (رقم التسجيلة. 37789)

تفاصيل مارك
000 -الفاتح
حقل البيانات ثابتة الطول 00880pam a2200241 a 4500
001 - رقم الضبط
رقم الضبط 2067303
003 - محدد رقم الضبط
رقم الضبط OSt
005 - وقت وتاريخ اخر تعامل مع التسجيلة
رقم الضبط 20150729023421.0
008 - عناصر البيانات ثابتة الطول - معلومات عامة
حقل البيانات ثابتة الطول 940128s2014 enka b 001 0 eng
020 ## - الرقم الدولى المعيارى للكتب
الرقم الدولى المعيارى للكتاب 9780077152345
040 ## - مصدر الفهرسة
وكالة الفهرسة الأصلية DLC
وكالة النسخ DLC
وكالة التعديل DLC
082 00 - رقم تصنيف ديوى العشرى
رقم التصنيف 658.8
رقم المادة PAP
رقم الطبعة 22
100 1# - المدخل الرئيسى - إسم شخصى
الإسم الشخصى Palmer, Adrian.
9 (RLIN) 49807
245 10 - بيان العنوان
العنوان Principles of services marketing /
بيان المسئوليه,etc Adrian Palmer.
250 ## - بيان الطبعة
بيان الطبعة 7th ed.
260 ## - PUBLICATION, DISTRIBUTION, ETC. (IMPRINT)
مكان الناشر او الموزع London ;
-- New York :
اسم الناشر او الموزع McGraw-Hill,
تاريخ النشر أو التوزيع 2014.
300 ## - الوصف المادى
التعداد xviii, 495 p. :
تفاصيل ماديه اخرى للوعاء ill. ;
أبعاد الوعاء 26 cm.
504 ## - تبصرة ببليوجرافية
تبصرة ببليوجرافية,الخ Includes bibliographical references (p. [331]-340) and index.
650 #0 - المدخل الاضافى بالموضوع-مصطلح موضوعى
مصطلح موضوعي أو اسم جغرافي كعنصر مدخل Marketing
التقسيم الفرعي العام Management.
9 (RLIN) 49808
650 #0 - المدخل الاضافى بالموضوع-مصطلح موضوعى
مصطلح موضوعي أو اسم جغرافي كعنصر مدخل Service industries
التقسيم الفرعي العام Marketing.
9 (RLIN) 49809
942 ## - عناصر المدخل الإضافي( كوها)
مصدر التصنيف او مخطط الترفيف Dewey Decimal Classification
Koha [default] item type كتاب
المقتنيات
حالة الفقد نموذج السعر الفعال حالة تلف ليس للاعارة رقم الطلب رقم النسخة تاريخ الاكتساب الموقع الحالي الباركود الفرع الرئيسي Date last seen نوع المادة فى نظام كوها مصدر التصنيف او خطة الترفيف Total Checkouts
  2015-07-29   Not For Loan 658.8 PAP 1 2015-07-29 المكتبة المركزية بالمجمعة (CL) 00216348 المكتبة المركزية بالمجمعة (CL) 2015-07-29 كتاب Dewey Decimal Classification  
  2015-07-29     658.8 PAP 2 2015-07-29 المكتبة المركزية بالمجمعة (CL) 00216349 المكتبة المركزية بالمجمعة (CL) 2015-07-29 كتاب Dewey Decimal Classification  
  2015-07-29     658.8 PAP 3 2015-07-29 المكتبة المركزية بالمجمعة (CL) 00216350 المكتبة المركزية بالمجمعة (CL) 2015-07-29 كتاب Dewey Decimal Classification